The new international dictionary of New Testament theology; vol. 2. (Record no. 1812)

000 -LEADER
fixed length control field 00669nam a2200193 a 4500
001 - CONTROL NUMBER
control field :::00018051$&:&@@
003 - CONTROL NUMBER IDENTIFIER
control field OkBaRHE
005 - DATE AND TIME OF LATEST TRANSACTION
control field 20100327125909.0
008 - FIXED-LENGTH DATA ELEMENTS--GENERAL INFORMATION
fixed length control field s1978 j 000 0 eng u
040 ## - CATALOGING SOURCE
Transcribing agency
100 1# - MAIN ENTRY--PERSONAL NAME
Personal name Brown, Colin, 1932- ,
245 14 - TITLE STATEMENT
Title The new international dictionary of New Testament theology; vol. 2.
260 ## - PUBLICATION, DISTRIBUTION, ETC. (IMPRINT)
Place of publication, distribution, etc Grand Rapids, MI., :
Name of publisher, distributor, etc Zondervan Pub. House
Date of publication, distribution, etc 1978
300 ## - PHYSICAL DESCRIPTION
Extent v. (1-3) ;
Dimensions 25 cm.
650 ## - SUBJECT ADDED ENTRY--TOPICAL TERM
Topical term or geographic name as entry element Bible New Testament
General subdivision Dictionaries
650 ## - SUBJECT ADDED ENTRY--TOPICAL TERM
Topical term or geographic name as entry element Bible New Testament
General subdivision Theology
-- Dictionaries
942 ## - ADDED ENTRY ELEMENTS (KOHA)
Source of classification or shelving scheme
Koha item type Books
Copies
Copy number Withdrawn status Full call number Date acquired Shelving location Damaged status Not for loan Collection code Lost status Source of classification or shelving scheme Permanent Location Barcode Date last seen Price effective from Koha item type
1 BS 2397 .N482010-04-14General Stacks  Reference  RHEMA Bible Training College180512018-03-162010-04-14Books